000 01898cam a2200385 i 4500
001 17863224
003 NUST
005 20230102125113.0
008 130823t20132013enk b 001 0 eng d
010 _a 2012277640
020 _a1137268700
020 _a9781137268709
035 _a(OCoLC)ocn825047327
040 _aYDXCP
_beng
_cYDXCP
_erda
_dBTCTA
_dBWX
_dVGM
_dIAC
_dIXA
_dCGU
_dOCLCO
_dMUU
_dDLC
042 _alccopycat
050 0 0 _aJF1081
_b.H68 2013
082 0 4 _a364.1323,HOU
_223
100 1 _aHough, Dan,
_eauthor.
_9106608
245 1 0 _aCorruption, anti-corruption and governance /
_cDan Hough, Professor of Politics, University of Sussex, UK.
264 1 _aHoundmills, Basingstoke, Hampshire :
_bPalgrave Macmillan,
_c2013.
264 4 _c©2013
300 _axi, 165 pages ;
_c23 cm.
336 _atext
_btxt
_2rdacontent
337 _aunmediated
_bn
_2rdamedia
338 _avolume
_bnc
_2rdacarrier
490 1 _aPolitical corruption and governance series
505 0 _aThe Rise and Rise of the Global Anti-corruption Movement (Page-12), Governance Regimes and the Fight Against Corruption (Page-31), Bangladesh and Kenya; Tough Talk, Small Steps, Ineffectual Outcomes (Page-48), South Korea and Poland; Tough Talk, Small Steps, Contested Outcomes (Page-71), Germany and the UK; The Slow and Winding Road to Reform (Page-93), Conclusion (Page-114).
650 0 _aPolitical corruption.
_927085
650 0 _aPolitical corruption
_xPrevention.
_9106609
830 0 _aPolitical corruption and governance series.
_9106610
856 4 2 _3Contributor biographical information
_uhttp://www.loc.gov/catdir/enhancements/fy1402/2012277640-b.html
856 4 2 _3Publisher description
_uhttp://www.loc.gov/catdir/enhancements/fy1402/2012277640-d.html
856 4 1 _3Table of contents only
_uhttp://www.loc.gov/catdir/enhancements/fy1402/2012277640-t.html
942 _2ddc
_cBK
_k364.1323,HOU
999 _c592890
_d592890